000 00988nam a22002417a 4500
005 2011022207587.0
008 110222t xxu||||| |||| 00| 0 mar d
010 _aMAR-20616
020 _a9788174344960
_c300.00
035 _aMR-13274
037 _bDBAD / PUB
040 _aDPL
_bMR
082 _a920
100 _aकदम,ज्योत्स्ना संभाजी
_926164
245 _aसर आणि मी /
_cज्योत्स्ना संभाजी कदम
246 _aSar Aani Mee
_bby Jyotsana Sambhajee Kadam
260 _aपुणे
_bराजहंस प्रकाशन
_c2011
270 _a1025,सदाशिव पेठ
_bपुणे
_e411030
300 _a199पृ
_c21सेमी(अजिल्द)
_bसचित्र
700 _926165
942 _2ddc
_cMR
_h920
_mकदम
999 _c50737
_d50737